Fundamentals of Color : (Record no. 17165)

MARC details
000 -LEADER
fixed length control field 00850 am a2200253 a 4500
001 - CONTROL NUMBER
control field 012979687
003 - CONTROL NUMBER IDENTIFIER
control field Uk
005 - DATE AND TIME OF LATEST TRANSACTION
control field 20130129145833.0
008 - FIXED-LENGTH DATA ELEMENTS--GENERAL INFORMATION
fixed length control field 040826s2004 xxua 001 0 eng d
020 ## - INTERNATIONAL STANDARD BOOK NUMBER
International Standard Book Number 0867154349
020 ## - INTERNATIONAL STANDARD BOOK NUMBER
International Standard Book Number 9780867154344
082 04 - DEWEY DECIMAL CLASSIFICATION NUMBER
Classification number 617.695
Edition number 22
Item number CHU
100 1# - MAIN ENTRY--PERSONAL NAME
Personal name Chu, Stephen J.
9 (RLIN) 32102
245 10 - TITLE STATEMENT
Title Fundamentals of Color :
Remainder of title Shade Matching and Communication in Esthetic Dentistry /
Statement of responsibility, etc Stephen J. Chu, Alessandro Devigus, Adam J. Mieleszko.
260 ## - PUBLICATION, DISTRIBUTION, ETC. (IMPRINT)
Place of publication, distribution, etc Chicago, IL ;
-- London :
Name of publisher, distributor, etc Quintessence Pub. Co.,
Date of publication, distribution, etc c2004.
300 ## - PHYSICAL DESCRIPTION
Extent x, 158 p. :
Other physical details col. ill. ;
Dimensions 25 cm.
500 ## - GENERAL NOTE
General note Includes index.
650 #0 - SUBJECT ADDED ENTRY--TOPICAL TERM
Topical term or geographic name as entry element Color in dentistry.
9 (RLIN) 32103
650 #0 - SUBJECT ADDED ENTRY--TOPICAL TERM
Topical term or geographic name as entry element Dentistry
General subdivision Aesthetic aspects.
9 (RLIN) 32104
653 ## - INDEX TERM--UNCONTROLLED
Resource For college
Arrived date list January2013
700 1# - ADDED ENTRY--PERSONAL NAME
Personal name Devigus, Alessandro.
9 (RLIN) 32105
700 1# - ADDED ENTRY--PERSONAL NAME
Personal name Mieleszko, Adam J.
9 (RLIN) 32106
942 ## - ADDED ENTRY ELEMENTS (KOHA)
Source of classification or shelving scheme Dewey Decimal Classification
Item type
Holdings
Withdrawn status Item status Source of classification or shelving scheme Damaged status Not for loan Vendor Home library Current library Shelving location Date acquired Source of acquisition Serial Enumeration / chronology Total Checkouts Total Renewals Full call number Barcode Date last seen Date last borrowed Koha item type
    Dewey Decimal Classification       Central Library Central Library First floor 29/01/2013 Donation 02516 3 6 617.695 CHU 000027925 15/07/2025 30/10/2017 Book - Borrowing